| 000 | 00460cam a2200181ua 4500 | ||
|---|---|---|---|
| 001 | 3628 | ||
| 008 | 111125n ii |||gr||||Z||||||eng | ||
| 040 | _cMAIN | ||
| 082 | _a336.01454162 | ||
| 100 | 1 |
_aBardoloi, U. N., _eAuthor. |
|
| 245 | 1 | 1 |
_aLocal finance in assam _cby U. N. Bardoloi |
| 250 | _a1st. | ||
| 260 |
_aGuwahati: _bDutta baruah & company,972. |
||
| 300 |
_a291p: _c23cm. |
||
| 653 | _aEconomics | ||
| 653 | _aLocal finance in assam | ||
| 942 | _cBK | ||
| 999 |
_c3469 _d3469 |
||